000
00289nam a22001337a 4500
008
181204b xxu||||| |||| 00| 0 eng d
020
_a
0070721971
041
_a
eng
080
_a
510
100
_a
36
101
_a
MAT
245
_a
Differential Equations
_c
Wylie,C.R
942
_2
udc
_c
BK
999
_c
52770
_d
52770